00455nam a22001577a 4500999001900000005001700019010001300036020002600049037001700075100002000092245003800112260003500150270007400185300002100259942001700280 c181798d18179820211006121741.0 aEN230921 a9789390001408c395.00 bPharos Books aProust, Marcel  aSwann’s way /cby Marcel Proust aEast DelhibPharos Booksc2020 aPlot No. 55, Main Mother Dairy Road, Pandav NagarbEast Delhie110092 a408p.c22cm(pbk) 2ddccENmPRO